000 00578nam a22002177i 4500
001 4101
003 OSt
005 20170126082327.0
007 tu
008 161220s1998 xxu||||| |||| 00| 0 d
024 7 _a4100
_2RID
040 _cOSt
084 _a21.2
_2z
100 1 _aDutschke, Michael
245 0 0 _aTightening the System: Central Allocation of Emission Rights
260 _aHamburg :
_bHWWA-Institut für Wirtschaftsforschung,Hamburg,
_c1998.
300 _a17 S. ;
_c30cm.
490 _aHWWA-Diskussionspapier
_v70
700 1 _aMichaelowa, Axel
700 1 _aStronzik, Marcus
942 _cB
999 _c4028
_d4028